| 000 | 00729nam a2200229 i 4500 | ||
|---|---|---|---|
| 001 | 178114 | ||
| 003 | ES-MaACL | ||
| 005 | 20250807224949.0 | ||
| 007 | t| | ||
| 008 | 110518s1964 sp r ||||1| spa d | ||
| 080 | _a173.3 | ||
| 100 | 1 |
_aBodamer, Joachim. _9146597 |
|
| 245 | 1 | 0 |
_aPropedéutica de la vida conyugal / _cJoachim Bodamer ; [traducción de José Luis Albizu]. |
| 260 |
_aBarcelona : _bHerder, _c1964. |
||
| 300 |
_a106 p. ; _c18 cm. |
||
| 490 | 1 |
_aPequeña biblioteca Herder ; _v39 |
|
| 650 | 0 | 7 |
_aRelaciones marido mujer _2embne _916791 |
| 700 | 0 |
_aAlbizu, José Luis. _919396 |
|
| 830 | 0 |
_aPequeña biblioteca Herder ; _v39 _9190720 |
|
| 852 |
_aES-MaACL _jE-15143 _xOlim P-274 |
||
| 999 |
_c178114 _d178114 |
||